Представление документа в формате RUSMARC

ПолеНазваниеЗначение
  Тип записи a
  Библиографический уровень m
001 Контрольный номер UONB/MAIN/9d0e3c1ed520431aa5939007f52e5331
005 Дата корректировки 20250707162600.9
010 Индекс ISBN __
d Цена 1 р. 53 к.
9 Тираж 10000 экз.
b Уточнения в пер.
100 Данные общей обработки __
a Данные общей обработки 20240508d1967 u y0rusy0189 ca
101 Язык документа 0_
a Язык текста rus
102 Страна публикации __
a Страна публикации RU
105 Кодированные данные (монография) __
a Кодированные данные (монография) a z 001yy
200 Заглавие и сведения об ответственности 1_
a Заглавие Бесступенчатые клиноременные и фрикционные передачи (вариаторы)
f Первые сведения об ответственности Б.А. Пронин, Г.А. Ревков
203 Вид содержания и тип средства __
a Вид содержания Текст
b Характеристика содержания визуальный
c Тип средства непосредственный
205 Сведения об издании __
a Основные сведения об издании 2-е изд., перераб. и доп.
210 Выходные данные 1_
a Место издания Москва
c Издательство Машиностроение
d Дата издания 1967
215 Физическое описание __
a Объем 404 с.
d Формат 22 см
c Иллюстрации/тип воспроизводства ил.
300 Общие примечания __
a Общие примечания 1-е изд.: Б. А. Пронин. Клиноременные и фрикционные передачи и вариаторы
320 Библиография __
a Библиография Библиогр.: с. 398-402
606 Тематические рубрики 0_
a Основная рубрика Клиноременные передачи
606 Тематические рубрики 0_
a Основная рубрика Фрикционные передачи
606 Тематические рубрики 0_
a Основная рубрика Передачи (механ.) бесступенчатые
610 Ключевые слова 0_
a Ключевые слова клиноременные передачи; фрикционные передачи; передачи (механ.) бесступенчатые
675 Индекс УДК __
a Индекс УДК 6П5.312.4
686 Индексы других классификаций __
a Классификационный индекс 34
2 Код системы rubbk
700 Автор _1
a Фамилия Пронин
b Имя (инициалы) Б.А.
g Полное личное имя Борис Алексеевич
701 Альтернативная интеллектуальная ответственность _1
a Фамилия Ревков
b Имя (инициалы) Г.А.
g Полное личное имя Георгий Александрович
801 Источник записи _0
a Страна RU
b Организация Ульяновская ОНБ
c Дата составления 20240508
g Правила каталогизации RCR
801 Источник записи _1
a Страна RU
b Организация Ульяновская ОНБ
c Дата составления 20240508
g Правила каталогизации RCR
901 Тип документа __
t Тип документа m
909 Создатель записи __
a Создатель записи Полина
b Дата создания записи 20240508